Cornish Railway Lines by Picture - Statistics

General Stats
  • This quiz has been taken 11 times
  • The average score is 4 of 6
Answer Stats
Picture Answer % Correct
Cornish Main Line
89%
Looe Valley Line
78%
Maritime Line
67%
Tamar Valley Line
67%
St Ives Bay Line
56%
Atlantic Coast Line
44%
No matching quizzes found
Score Distribution
Percent of People with Each Score
Percentile by Number Answered
Your Score History
You have not taken this quiz